000 00884nas a2200265 4500
001 BR0806043
003 BR-BrBNA
005 20231205112054.0
007 ta
008 230509b bl.|||p| |||| 00| 00por d
040 _aBR-BrBNA
_bpor
_cBiblioteca Nacional de Agricultura
041 _a(Pt)
072 _aL01
100 1 _aGonçalves, T. de M.
100 1 _aCosta, A.L.L. da
100 1 _aLaranjo, J.S.
100 1 _aRodriguez, M.A.P.
100 1 _aRebouças, G.F.
245 1 _aDetecção de locos de características quantitativas (QTL)afetando o crescimento e a carcaça de suínos:um enfoque Bayesiano com o uso de diferentes prioris
650 _aSUÍNO
650 _aCARCAÇA
773 0 _tRevista Brasileira de Zootecnia (Brazil)
_xISSN 1516-3598
_g(Feb 2008), v. 37(2) p. 261-272
_wBR0806043
909 _a202311
_bLúcia
_c55
_dLúcia Elande
942 _2AGRIS
_n0
_cANA
999 _c195941
_d195941